مكتبة جامعة عجلون الوطنية

فهرس بحث المكتبة

أثر تكاليف جودة المنتج في تحسين الأداء المالي في شركات الأدوية الأردنية : الميزة التنافسية كمتغير معدل = The Effect of Product Quality Costs in Improving the Financial Performance of Jordanian Pharmaceutical Companies : Cometitive Advantage as A Moderating Variable / (Record no. 33421)

MARC details
000 -LEADER
fixed length control field 01223nam a22002057a 4500
003 - CONTROL NUMBER IDENTIFIER
control field JO-AjAnu
005 - DATE AND TIME OF LATEST TRANSACTION
control field 20240604114719.0
008 - FIXED-LENGTH DATA ELEMENTS--GENERAL INFORMATION
fixed length control field 240406b jo ||||| |||| 00| 0 ara d
040 ## - CATALOGING SOURCE
Original cataloging agency JO-AjAnu
Transcribing agency JO-AjAnu
041 #0 - LANGUAGE CODE
Language code of text/sound track or separate title ara
050 ## - LIBRARY OF CONGRESS CALL NUMBER
Classification number HG4028.2023
100 #1 - MAIN ENTRY--PERSONAL NAME
Personal name الزغول ، وائلة مصطفى محمود
9 (RLIN) 65289
Relator term معد
245 #0 - TITLE STATEMENT
Title أثر تكاليف جودة المنتج في تحسين الأداء المالي في شركات الأدوية الأردنية : الميزة التنافسية كمتغير معدل = The Effect of Product Quality Costs in Improving the Financial Performance of Jordanian Pharmaceutical Companies : Cometitive Advantage as A Moderating Variable /
Statement of responsibility, etc. اعداد وائله مصطفى محمود الزغول ؛ إشراف تيسير علي خلف المومني
260 ## - PUBLICATION, DISTRIBUTION, ETC.
Date of publication, distribution, etc. 2023
300 ## - PHYSICAL DESCRIPTION
Extent 109ورقة
500 ## - GENERAL NOTE
General note رسالة جامعية (ماجستير) .- جامعة عجلون الوطنية (عجلون، الأردن)، كلية الاعمال ، تخصص المحاسبة، 2023<br/>
650 70 - SUBJECT ADDED ENTRY--TOPICAL TERM
Topical term or geographic name entry element شركات الادوية - مالية - الاردن
9 (RLIN) 65292
700 #1 - ADDED ENTRY--PERSONAL NAME
Personal name المومني، تيسير علي خلف
9 (RLIN) 65294
Relator term مشرف
942 ## - ADDED ENTRY ELEMENTS (KOHA)
Source of classification or shelving scheme Library of Congress Classification
Koha item type Thesis
Suppress in OPAC No
Holdings
Withdrawn status Lost status Source of classification or shelving scheme Damaged status Not for loan Home library Current library Date acquired Total Checkouts Full call number Barcode Date last seen Price effective from Koha item type
    Library of Congress Classification     مكتبة جامعة عجلون الوطنية مكتبة جامعة عجلون الوطنية 06/04/2024   HG4028.2023 A29546 06/04/2024 06/04/2024 Thesis
    Library of Congress Classification     مكتبة جامعة عجلون الوطنية مكتبة جامعة عجلون الوطنية 06/04/2024   HG4028.2023 A29547 06/04/2024 06/04/2024 Thesis